Stereochemistry conformations and asymmetric synthesis: Problem solving approach: Art of solving organic reaction mechanism (Record no. 394499)

MARC details
000 -LEADER
fixed length control field 00623 a2200205 4500
005 - DATE & TIME
control field 20260121105009.0
008 - FIXED-LENGTH DATA ELEMENTS--GENERAL INFORMATION
fixed length control field 260120b |||||||| |||| 00| 0 eng d
020 ## - ISBN
International Standard Book Number 9788119907670
Price Rs. 695.00
040 ## - CATALOGING SOURCE
Original cataloging agency VIVEKANANDA LIBRARY
082 ## - DDC NUMBER
Classification number 547.0076
Book Number J41S
100 ## - MAIN ENTRY--PERSONAL NAME
Personal name Jena, Satyaban
245 ## - TITLE STATEMENT
Title Stereochemistry conformations and asymmetric synthesis: Problem solving approach: Art of solving organic reaction mechanism
260 ## - PUBLICATION, DISTRIBUTION, ETC. (IMPRINT)
Name of publisher, distributor, etc Indu Book Services
Date of publication, distribution, etc 2024
Place of publication, distribution, etc New Delhi
300 ## - PHYSICAL DESCRIPTION
Pages 228
650 ## - Subject
Subject Chemistry
650 ## - Subject
Subject Organic Chemistry
650 ## - Subject
Subject Stereochemistry
700 ## - Added Entry Personal Name
Added Entry Personal Name Rout, Laxmidar
942 ## - ADDED ENTRY ELEMENTS (KOHA)
Koha item type Books
Holdings
Withdrawn status Lost status Source of classification or shelving scheme Damaged status Not for loan Location (home branch) Sublocation or collection (holding branch) Shelving location Date acquired Koha issues (times borrowed) Koha full call number Accession No. Koha date last seen Koha item type
    Dewey Decimal Classification     VIVEKANANDA LIBRARY VIVEKANANDA LIBRARY Vivekananda Library 06/01/2026   547.0076 J41S 444121 06/01/2026 Books
    Dewey Decimal Classification     VIVEKANANDA LIBRARY VIVEKANANDA LIBRARY Vivekananda Library 06/01/2026   547.0076 J41S 444122 06/01/2026 Books
    Dewey Decimal Classification     VIVEKANANDA LIBRARY VIVEKANANDA LIBRARY Vivekananda Library 06/01/2026   547.0076 J41S 444125 06/01/2026 Books
    Dewey Decimal Classification     VIVEKANANDA LIBRARY VIVEKANANDA LIBRARY Vivekananda Library 06/01/2026   547.0076 J41S 444123 06/01/2026 Books
    Dewey Decimal Classification     VIVEKANANDA LIBRARY VIVEKANANDA LIBRARY Vivekananda Library 06/01/2026   547.0076 J41S 444124 06/01/2026 Books
© Designed and Maintained by Vivekananda Library, MDU Rohtak